000 00635cam a2200217 i 4500
999 _c117841
_d117841
001 18291675
005 20200709120220.0
008 140905t20162016mauab 001 0 eng
020 _a9780135182567
040 _cPK-LaUMT
082 0 0 _a513.14
_223
_bBIT-P
100 1 _aBittinger, Marvin L.
245 1 0 _aPrealgebra /
_bby Marvin L. Bittinger, David J. Ellenbogen and Barbara L. Johnson
250 _a7th ed.
260 _aHoboken :
_bPearson,
_c2020
300 _a772 p. :
_bcolor illustrations, color maps ;
_c28 cm
650 0 _aMathematics
700 1 _aEllenbogen, David.
700 1 _aJohnson, Barbara L.
942 _cBK